00334nam a2200121Ia 4500008004100000041000800041082001700049100002200066245004500088260004100133300003100174365000700205240624s9999 xx 000 0 und d aeng a658.4053 ROU aROUT EIRENE LEELA aCORPORATE CONFLICT MANAGEMENT CONCEPT AN c2007aNew DlehibPrentice Hall India axii, : 280 : p. : cm. ; 25 cRS